Normal view
MARC view
Entry Uniform Title
001 - CONTROL NUMBER
- control field: 53889
003 - CONTROL NUMBER IDENTIFIER
- control field: dpl
005 - DATE AND TIME OF LATEST TRANSACTION
- control field: 20121127165000.0
008 - FIXED-LENGTH DATA ELEMENTS
- fixed length control field: 121127|||a|||||| | ||| d
040 ## - CATALOGING SOURCE
- Original cataloging agency: dpl
- Transcribing agency: dpl
130 ## - HEADING--UNIFORM TITLE
- Uniform title: TMH professional :cracking the IT interview series
670 ## - SOURCE DATA FOUND
- Source citation: Work cat.: (dpl)71623: 53770, Cracking the IT interview :, 2012
670 ## - SOURCE DATA FOUND
- Source citation: Work cat.: (dpl)71623: 53770, Cracking the IT interview :, 2012
